000 00771nam a22002177a 4500
999 _c8623
_d8623
003 AR-CdUCM
008 190325b ||||| |||| 00| 0 spa d
040 _aMUNICIPALIDAD PROVINCIAL DEL CUSCO
_cBIBLIOTECA MUNICIPAL DEL CUSCO
082 _a583 /
_bZ94
110 _aEdiciones Ripalme E.I.R.L
_924123
245 _aPáprika :
_bCultivo y Comercializacion /
260 _aPerú :
_bEdiciones Ripalme ,
_c2006.
300 _a135 páginas ;
_c20.2 cm.
440 _aColeccion mi huerto
_924124
505 _aContenido : Datos Basicos -- La Plantacion -- Las Labores Culturales -- Cosecha y procesado -- Comercializacion del Páprika...
650 _aPáprika
_924125
650 _aCultivos
_920217
650 _aHorticultura
_919445
942 _2ddc
_cLIBROS
945 _artm